ბათუმის შოთა რუსთაველის სახელმწიფო უნივერსიტეტის ბიბლიოთეკა

ინსტიტუტის სათავეებთან. (ბიბ.ჩანაწერი № 41864)

000 -LEADER
fixed length control field 01073nam a2200229Ia 4500
001 - CONTROL NUMBER
control field 8547
003 - CONTROL NUMBER IDENTIFIER
control field GE_BSU
008 - FIXED-LENGTH DATA ELEMENTS--GENERAL INFORMATION
fixed length control field 181216s||||||||xx |||||||||||||| ||und||
040 ## - CATALOGING SOURCE
Transcribing agency GE_BSU
080 ## - UNIVERSAL DECIMAL CLASSIFICATION NUMBER
Universal Decimal Classification number 378.637(479.223)
100 ## - MAIN ENTRY--PERSONAL NAME
Personal name ვერძაძე,ნური.
245 ## - TITLE STATEMENT
Title ინსტიტუტის სათავეებთან.
245 ## - TITLE STATEMENT
Remainder of title ბათუმის შოთა რუსთაველის სახ.პედ.ინ-ტის პირველი რექტორი ხუსეინ ნაკაიძე.
245 ## - TITLE STATEMENT
Statement of responsibility, etc. რედ:ზ.ფირცხალაიშვილი
260 ## - PUBLICATION, DISTRIBUTION, ETC.
Place of publication, distribution, etc. ბათუმი.
260 ## - PUBLICATION, DISTRIBUTION, ETC.
Name of publisher, distributor, etc. საბჭ.აჭარა.
260 ## - PUBLICATION, DISTRIBUTION, ETC.
Date of publication, distribution, etc. 1987
300 ## - PHYSICAL DESCRIPTION
Extent 51გვ;20სმ.
653 ## - INDEX TERM--UNCONTROLLED
Uncontrolled term ინსტიტუტის სათავეებთან.
653 ## - INDEX TERM--UNCONTROLLED
Uncontrolled term პედაგოგიკური ინსტიტუტები საქართველოში; უმაღლესი სასწავლებლების რექტორები;
942 ## - ADDED ENTRY ELEMENTS (KOHA)
Koha item type წიგნი
ეგზემპლარები
Withdrawn status Lost status Damaged status Not for loan Date acquired Barcode Date last seen Price effective from Koha item type
        2018-12-17 30827 2018-12-17 2018-12-17 წიგნი